| 000 | 01030nam a22002777a 4500 | ||
|---|---|---|---|
| 001 | 7378 | ||
| 003 | FISKH | ||
| 005 | 20250711103212.0 | ||
| 008 | 250711b cb ||||| |||| 00| 0 eng d | ||
| 020 | _a9780721419503 | ||
| 040 |
_aFISKH _beng _cFISKH _dFISKH |
||
| 050 | _aPZ7 | ||
| 082 | _a428.6 | ||
| 100 | _aGraham, Percy | ||
| 245 |
_aLittle red hen / _cIllustrated by Percy Graham |
||
| 260 |
_aUnited Kingdom : _bLady Bird Books, _c1998. |
||
| 300 |
_a27 pages : _bcolor illustrations ; _c18 cm |
||
| 490 |
_aRead it yourself : _vLevel 1 |
||
| 505 | _aG | ||
| 520 | _aSuitable for children ready to attempt reading, this book retells Little Red Hen in a simple way using a number of frequently repeated words. The sentences are closely supported by pictures and the story begins with a detailed scene introducing the main characters and vocabulary. | ||
| 521 | 8 |
_a300
_bLexile estimate |
|
| 521 | 8 |
_aG
_bRaz-Plus |
|
| 650 |
_aFairy Tales _vFood _xPicture Book |
||
| 942 |
_2ddc _cBK _n0 |
||
| 999 |
_c7378 _d7378 |
||